Chemistry for engineering students /

Bibliographic Details
Main Author: Brown, Lawrence Stephen
Other Authors: Holme, Thomas A.
Format: Book
Language:English
Published: Stamford, Connecticut : Brooks/Cole Cengage Learning, [2015].
Edition:Third edition.
Subjects:

MARC

Tag First Indicator Second Indicator Subfields
LEADER 00000cam a2200000 i 4500
001 in00003471921
005 20160928150003.0
008 131025t20152015ctua 001 0 eng
010 |a  2013938466 
035 |a (OCoLC)ocn880929412 
040 |a DLC  |e rda  |c DLC 
020 |a 9781285199023  |q (hbk. :  |q student edition) 
020 |a 1285199022  |q (hbk. :  |q student edition) 
050 0 0 |a QD31.3  |b .B76 2015 
049 |a TXAM 
100 1 |a Brown, Lawrence Stephen. 
245 1 0 |a Chemistry for engineering students /  |c Lawrence S. Brown, Texas A&M University, Thomas A. Holme, Iowa State University. 
250 |a Third edition. 
264 1 |a Stamford, Connecticut :  |b Brooks/Cole Cengage Learning,  |c [2015]. 
264 4 |c ©2015. 
300 |a xxviii, 515 pages :  |b chiefly color illustrations ;  |c 29 cm. 
336 |a text  |b txt  |2 rdacontent 
337 |a unmediated  |b n  |2 rdamedia 
338 |a volume  |b nc  |2 rdacarrier 
500 |a Includes index. 
650 0 |a Chemistry  |v Textbooks. 
700 1 |a Holme, Thomas A. 
945 |a PromptCat  |b 740167 
946 |a stk 
947 |a A14840672048 
948 |a cataloged  |b h  |c 2014/5/12  |d c  |e dmitchel  |f 12:50:40 pm 
994 |a C0  |b TXA 
999 f f |s 88641b27-d316-3470-ba1e-34318d80e796  |i c5c4944b-068a-3f83-8bc9-33ac91d84a42  |t 0 
952 f f |p normal  |a Texas A&M University  |b College Station  |c Sterling C. Evans Library  |s Evans stk  |d Evans: Library Stacks  |t 0  |e QD31.3 .B76 2015  |h Library of Congress classification  |i unmediated -- volume  |m A14843623316 
952 f f |p normal  |a Texas A&M University  |b College Station  |c Sterling C. Evans Library  |s Evans stk  |d Evans: Library Stacks  |t 0  |e QD31.3 .B76 2015  |h Library of Congress classification  |i unmediated -- volume  |m A14843624025 
952 f f |p normal  |a Texas A&M University  |b College Station  |c Sterling C. Evans Library  |s Evans stk  |d Evans: Library Stacks  |t 0  |e QD31.3 .B76 2015  |h Library of Congress classification  |i unmediated -- volume  |m A14843624017 
998 f f |a QD31.3 .B76 2015  |t 0  |l Evans: Library Stacks 
998 f f |a QD31.3 .B76 2015  |t 0  |l Evans: Library Stacks 
998 f f |a QD31.3 .B76 2015  |t 0  |l Evans: Library Stacks